Guess the Footballer-Fifa 22 Ratings - Statistics

General Stats
  • This quiz has been taken 15,098 times
    8,918 since last reset
  • The average score is 12 of 15
Answer Stats
HInt Answer % Correct
93 - PSG RW Lionel Messi
99%
91- PSG ST or LW Kylian Mbappé
98%
91- PSG LW or CAM Neymar Jr
93%
91- Man U St or LW Cristiano Ronaldo
92%
90- Totenham ST Harry Kane
92%
89- Totenham LM Heung Min Son
88%
92- Bayern Munich ST Robert Lewandowski
83%
88- Borussia Dortmund ST Erling Haaland
80%
91- Athleti GK Jan Oblak
80%
87- Liverpool RB Trent alexander-arnold
79%
88- Man u CAM Bruno Fernandes
76%
87- Bayern Munich CAM Thomas Muller
76%
88- Inter Milan ST Lukaku
71%
84- Chelsea ST Timo Werner
54%
65- Wycombe ST Adebayo Akinfenwa
39%
No matching quizzes found
Score Distribution
Percent of People with Each Score
Percentile by Number Answered
Your Score History
You have not taken this quiz since the last reset